| 000 | 00000nam 2200000za 4500 |
| 001 | 9.532894 |
| 003 | CaOODSP |
| 005 | 20200327085813 |
| 007 | ta |
| 008 | 150406|1999||||xxc||||| f|0| 0 eng d |
| 020 | |a0-662-64567-7 |
| 040 | |aCaOODSP|beng |
| 041 | |aeng |
| 041 | |afre |
| 043 | |an-cn--- |
| 086 | 1 |aC21-25/8-1999 |
| 110 | 1 |aCanada. |bIndustry Canada. |
| 245 | 10|aDeterminants of Canadian productivity growth : |bissues and prospects / |cby Richard G. Harris. |
| 260 | |aOttawa - Ontario : |bIndustry Canada |c1999. |
| 300 | |aEnglish text, 41p. : |bfigs. ; |c28 cm. |
| 490 | 1 |aDiscussion paper|vNo. 8 |
| 504 | |aBibliography. |
| 546 | |aBilingual |
| 563 | |aSoftcover |
| 590 | |a00-23|b2000-06-09 |
| 690 | 07|aProductivity|2gcpds |
| 690 | 07|aStandard of living|2gcpds |
| 690 | 07|aEconomic conditions|2gcpds |
| 720 | 1 |aHarris, Richard |
| 776 | 0#|tDeterminants of Canadian productivity growth |w(CaOODSP)9.571968 |
| 776 | 0#|tLes déterminants de la croissance de la productivité canadienne |w(CaOODSP)9.602388 |
| 792 | |tLes déterminants de la croissance de la productivité canadienne : |efre|w(CaOODSP)9.532895 |
| 830 | #0|aDiscussion paper (Canada. Industry Canada)|vNo. 8|w(CaOODSP)9.509054 |